000 01062cab a2200217 4500
001 ##L135385
008 061023n2006 000 0 eng u
035 _a(Sirsi) u135385
041 0 _aeng
100 1 _aKlein, Rudi
245 0 0 _aPass the Olympic baton to subbies
260 _c2006
490 0 _aConstruction News
_v(6988) 12 October 2006, 23(1)
520 _aLooks at what contractors and specialist contractors can expect in terms of procurement and contractual arrangements for the 2012 Olympic Games. Highlights the use of the third edition of the New Engineering Contract (NEC3) and suggests that the NEC3 subcontract without amendments should be used. Also notes that a specialist should be appointed on the NEC3's Professional Services Agreement, partnering should be inclusive and not confined to client and main contractor, and retentions should be avoided.
590 _aIKA311006
650 _aOLYMPIC GAMES 2012
650 2 4 _aNEW ENGINEERING CONTRACT (THIRD EDITION)
651 4 _aLONDON
690 _aProcurement
_96260
942 _n0
999 _c77882
_d77882